| 000 | 01112cam a2200133 4500500 | ||
|---|---|---|---|
| 005 | 20251214001958.0 | ||
| 041 | _afre | ||
| 042 | _adc | ||
| 100 | 1 | 0 |
_aBaudelle, Guy _eauthor |
| 245 | 0 | 0 | _aGéographie du peuplement |
| 260 |
_bArmand Colin,
_c2022. |
||
| 520 | _aOù habitent les hommes sur Terre ? Pourquoi vit-on ici plutôt qu’ailleurs ? Pourquoi certaines régions sont vides et d’autres si peuplées ? Comment expliquer les grands contrastes de densité dans des milieux physiques pourtant similaires ? Quelles sont les dynamiques historiques et actuelles du peuplement ? La nouvelle édition de cet ouvrage entièrement mis à jour et illustré de nombreuses nouvelles cartes analyse l’ensemble de ces questions en intégrant l’apport des différentes branches de la géographie : démographie, géographies rurale, urbaine, industrielle, historique… Un texte clair et concis enrichi qui vient poser les jalons d’une théorie générale du peuplement terrestre. | ||
| 856 | 4 | 1 | _uhttps://shs.cairn.info/geographie-du-peuplement--9782200633806?lang=fr&redirect-ssocas=7080 |
| 999 |
_c1566622 _d1566622 |
||